[Event "Paraibano-ch"]
[Site "Joao Pessoa"]
[Date "2014.11.30"]
[Round "5"]
[White "De Oliveira, Jefferson Pereira"]
[Black "Cavalcanti, Francisco de Assis"]
[Result "0-1"]
[WhiteElo "1935"]
[BlackElo "2196"]
[PlyCount "98"]
[EventDate "2014.11.28"]
[EventType "swiss"]
[EventRounds "5"]
[EventCountry "BRA"]
[SourceTitle "EXT 2022"]
[Source "ChessBase"]
[SourceDate "2021.10.06"]
[SourceVersion "1"]
[SourceVersionDate "2021.10.06"]
[SourceQuality "1"]

1. d4 Nf6 2. c4 e6 3. Nc3 c5 4. Nf3 a6 5. e4 cxd4 6. Nxd4 Bb4 7. Qc2 Qb6 8. Nb3 0-0 9. Be3 Qc7 10. Be2 Be7 11. 0-0 d6 12. Rac1 Nbd7 13. Rfd1 b6 14. f3 Bb7 15. Qd2 Rac8 16. Bf4 Ne5 17. Bf1 Qb8 18. Nb1 Rfe8 19. Qf2 Bc6 20. Nd4 Bd7 21. Be3 b5 22. cxb5 axb5 23. Na3 b4 24. Nc4 d5 25. exd5 Nxd5 26. Nf5 Bf8 27. Ba7 Qc7 28. Ng3 Ng6 29. b3 Nc3 30. Rd2 Bc6 31. Bc5 Nd5 32. Bxf8 Rxf8 33. Qd4 Rfd8 34. Qf2 Qb8 35. Ne4 Be8 36. Nc5 Qa7 37. Ne3 Qb8 38. Nc4 Qa7 39. Ne4 Qe7 40. Rd4 f5 41. Ng3 h5 42. Re1 Qg5 43. Rxe6 Ngf4 44. Re5 h4 45. Nxf5 Nh3+ 46. Kh1 Nxf2+ 47. Kg1 Nh3+ 48. Kh1 Qc1 49. Ng3 hxg3 0-1